| 000 | 00529nam a22001817a 4500 | ||
|---|---|---|---|
| 005 | 20260415095529.0 | ||
| 008 | 260415b |||||||| |||| 00| 0 eng d | ||
| 020 | _a978-81-203-4241-5 | ||
| 050 | _aQA 76.73 .J38 M38 2022 | ||
| 100 | _aMATHA,MAHESH | ||
| 245 | _aCORE JAVA A COMPREHENSIVE STUDY | ||
| 260 |
_aDELHI _bASOKE K. GHOSH _c2022 |
||
| 300 | _axxiii,788p ill | ||
| 500 | _aINCLUDES BIBLOGRAPHIC DESCRIPTIONS GLOSSARY INDEX | ||
| 650 | _aA COMPREHENSIVE STUDY | ||
| 700 | _aPARVATIBAI CHOWGULE | ||
| 942 |
_2lcc _cBK |
||
| 999 |
_c216959 _d216959 |
||